=LDR 00000nam 2200000 4500 =001 INLIS000000000047085 =005 20150729171153.0 =006 =007 =008 =020 ##$$a 978-979-041-055-8 =035 ##$$0010-071500000000055 =040 ##$$a Ind =082 ##$$a 570.7 =090 ##$$a 570.7 $b Tet =100 ##$$a Tetty =245 ##$$a Biologi interaktif =260 ##$$a Bekasi $b Ganeca E $c 2013 =300 ##$$a xii, 220 hlm $c 23 cm =850 ##$$a NBPDMAT =990 ##$$a 2090101185/BPAP-NTB/2015 =990 ##$$a 0125/BPAP-NTB/2016 =990 ##$$a 21602529/BPAP-NTB/2017 =990 ##$$a 21602530/BPAP-NTB/2017